Nocions de puericultura / per Josep Roig i Raventós
Descripción Física:
48 p. ; 19 cm
Colección:
Minerva : col·lecció popular dels coneixements indispensables
; 35
Materias:
Puericultura
MARC
| LEADER | 00000nam a2200000Ia 4500 | ||
|---|---|---|---|
| 001 | 16434 | ||
| 008 | 160829s1923 xx 000 0 cat d | ||
| 080 | |a RF-14-70 | ||
| 100 | |a Roig i Raventós, Josep |9 25564 | ||
| 245 | |a Nocions de puericultura / per Josep Roig i Raventós | ||
| 250 | |a 2a ed. | ||
| 260 | |a Barcelona : |b Ed. Políglota, |c 1923 | ||
| 300 | |a 48 p. ; |c 19 cm | ||
| 490 | |a Minerva : col·lecció popular dels coneixements indispensables ; |v 35 | ||
| 650 | 0 | |a Puericultura |9 25715 | |
| 856 | 4 | |u https://media.diba.cat/diba/fitxers/arxiu/fulletons/bib_16434_1923_baixa.pdf |y Accés lliure | |
| 856 | 4 | |u https://media.diba.cat/diba/fitxers/arxiu/fulletons/bib_16434_1923_baixa.pdf |y Accés lliure | |
| 856 | |u http://media.diba.cat/diba/fitxers/arxiu/Minerva-Coneixements/V35-Nocions-de-puericultura.pdf |z V35-Nocions-de-puericultura.pdf | ||
| 901 | |a Arxiu | ||
| 942 | |n 1 |2 udc | ||
| 952 | |0 0 |1 0 |4 0 |6 RF1470 |7 1 |9 48889 |a Arxiu |b Arxiu |d 2016-12-01 |l 0 |o RF-14-70 |p 16434 |r 2016-12-01 00:00:00 |w 2016-12-01 |y ARXIU | ||
| 999 | |c 52724 |d 52724 | ||
| 900 | |a bib_16434_1923_baixa.pdf | ||